000 00666 a2200229 4500
999 _c759
_d759
003 dpl
005 20230320153424.0
008 080820t xxu||||| |||| 00| 0 eng d
010 _aENG-84929
020 _a8184300247
_c300.00
035 _aEN-68462
037 _bD.B.Act / Pub
040 _c0
082 _a808.882
245 _aDictionary of quotations
_ccompiled by Sachin Sinhal
246 _aQuotations
260 _aNew Delhi
_bOcean Books
_c2006.
270 _a4/19, Asaf Ali Road,
_bNew Delhi
_cDelhi
_e110002
300 _a287 p.
_c22 cm. (Hb)
650 _aQuotations
_xdictionary
942 _adpl
_cEN
_k808.882 / DIC
_2ddc
_h808.882
_mDIC